[Event "Hamburg-ch Seniors op 15th"]
[Site "Hamburg"]
[Date "2008.11.01"]
[Round "6"]
[White "Scheinpflug, Michael"]
[Black "Marquardt, Rolf"]
[Result "0-1"]
[WhiteElo "1589"]
[BlackElo "1777"]
[PlyCount "70"]
[EventDate "2008.10.27"]
[EventType "swiss"]
[EventRounds "9"]
[EventCountry "GER"]
[SourceTitle "EXT 2022"]
[Source "ChessBase"]
[SourceDate "2021.10.06"]
[SourceVersion "1"]
[SourceVersionDate "2021.10.06"]
[SourceQuality "1"]

1. d4 e6 2. c4 d5 3. e3 Nf6 4. Nf3 c6 5. Nc3 Nbd7 6. a3 Bd6 7. c5 Bc7 8. b4 0-0 9. Bd3 Re8 10. Bb2 e5 11. dxe5 Nxe5 12. Nxe5 Bxe5 13. 0-0 Bxh2+ 14. Kh1 Be5 15. Be2 Ne4 16. g3 Bxc3 17. Qc2 Bxb2 18. Qxb2 Qf6 19. Qxf6 Nxf6 20. Rfd1 Bg4 21. Bxg4 Nxg4 22. Kg2 Re6 23. Rh1 g6 24. Rad1 h5 25. Rd4 Rae8 26. Rhd1 Nh6 27. b5 Nf5 28. R4d3 Re4 29. Rc3 h4 30. g4 Rxg4+ 31. Kh3 Rge4 32. Rdd3 g5 33. f3 Rxe3 34. Rxe3 Rxe3 35. Rxe3 Nxe3 0-1

[Event "Hamburg-ch Seniors op 15th"]
[Site "Hamburg"]
[Date "2008.10.30"]
[Round "4"]
[White "Scheinpflug, Michael"]
[Black "Stubbe, Werner"]
[Result "1-0"]
[WhiteElo "1589"]
[BlackElo "1720"]
[PlyCount "75"]
[EventDate "2008.10.27"]
[EventType "swiss"]
[EventRounds "9"]
[EventCountry "GER"]
[SourceTitle "EXT 2022"]
[Source "ChessBase"]
[SourceDate "2021.10.06"]
[SourceVersion "1"]
[SourceVersionDate "2021.10.06"]
[SourceQuality "1"]

1. d4 d5 2. c4 e6 3. Nc3 Bb4 4. a3 Bxc3+ 5. bxc3 c5 6. e3 Qa5 7. Qc2 Nf6 8. Bd3 dxc4 9. Bxc4 b5 10. Bd3 Bb7 11. f3 Nbd7 12. Bd2 c4 13. Be4 Nxe4 14. fxe4 Nf6 15. Nf3 Bxe4 16. Qb2 0-0 17. 0-0 Rfe8 18. Ne5 Qc7 19. Rf4 Qb7 20. Be1 Rf8 21. g4 h6 22. Qf2 Nh7 23. Nd7 Ng5 24. Qg3 Qxd7 25. h4 Qd5 26. hxg5 hxg5 27. Rf2 g6 28. Rh2 Kg7 29. Qc7 Qc6 30. Qe7 Rh8 31. Raa2 Rxh2 32. Rxh2 Rh8 33. Rxh8 Kxh8 34. Qf8+ Kh7 35. Qxf7+ Kh6 36. Bg3 Bh1 37. Qf2 Be4 38. Be5 1-0

[Event "Hamburg-ch Seniors op 15th"]
[Site "Hamburg"]
[Date "2008.10.28"]
[Round "2"]
[White "Scheinpflug, Michael"]
[Black "Assmus, Edgar"]
[Result "1/2-1/2"]
[WhiteElo "1589"]
[BlackElo "1734"]
[PlyCount "150"]
[EventDate "2008.10.27"]
[EventType "swiss"]
[EventRounds "9"]
[EventCountry "GER"]
[SourceTitle "EXT 2022"]
[Source "ChessBase"]
[SourceDate "2021.10.06"]
[SourceVersion "1"]
[SourceVersionDate "2021.10.06"]
[SourceQuality "1"]

1. d4 Nf6 2. c4 d6 3. Nc3 g6 4. Nf3 Bg7 5. e4 0-0 6. Be2 Nc6 7. 0-0 e5 8. Bg5 h6 9. Bxf6 Bxf6 10. dxe5 Nxe5 11. Nxe5 Bxe5 12. Qc2 c6 13. Rad1 Qg5 14. g3 Qe7 15. f4 Bg7 16. Bf3 Be6 17. b3 Rac8 18. Rfe1 b5 19. Ne2 bxc4 20. bxc4 Qc7 21. Rb1 Rfe8 22. Red1 f5 23. Nd4 Bd7 24. Qd3 Rcd8 25. Re1 a6 26. Kg2 c5 27. Nc2 Kh7 28. Ne3 Rf8 29. Nd5 Qa5 30. Qc2 Ba4 31. Qd3 Rd7 32. exf5 gxf5 33. Ne7 Qc3 34. Qxc3 Bxc3 35. Re2 Bd4 36. Bh5 Kg7 37. Re6 Bc2 38. Rbe1 Be4+ 39. Bf3 Bxf3+ 40. Kxf3 Rf7 41. Nd5 a5 42. Ne7 Rb7 43. Nd5 Rb2 44. R1e2 Rb1 45. Rxd6 a4 46. Ree6 Rf1+ 47. Kg2 Rf2+ 48. Kh3 Rb7 49. Rg6+ Kf7 50. Rxh6 Rfb2 51. Rh7+ Kg8 52. Rxb7 Rxb7 53. Rb6 Rh7+ 54. Kg2 Ra7 55. h3 a3 56. g4 fxg4 57. hxg4 Ra4 58. Rb3 Rxc4 59. Rxa3 Rc1 60. Kf3 Re1 61. g5 c4 62. Kg4 Bb2 63. Re3 Rf1 64. Kf5 Rd1 65. Ne7+ Kg7 66. Re6 Rf1 67. Ng6 Ba3 68. Ne5 c3 69. Rc6 Bc1 70. Rc7+ Kf8 71. Ng6+ Ke8 72. Kf6 Bxf4 73. Nxf4 Rxf4+ 74. Ke5 Ra4 75. Rxc3 Rxa2 1/2-1/2

[Event "Hamburg Robinow op"]
[Site "Hamburg"]
[Date "2005.10.09"]
[Round "9"]
[White "Scheinpflug, Michael"]
[Black "Soba, Mario"]
[Result "0-1"]
[WhiteElo "1655"]
[BlackElo "1563"]
[PlyCount "72"]
[EventDate "2005.10.01"]
[EventType "swiss"]
[EventRounds "9"]
[EventCountry "GER"]
[SourceTitle "CBM 108 Extra"]
[Source "ChessBase"]
[SourceDate "2005.11.04"]
[SourceVersion "1"]
[SourceVersionDate "2005.11.04"]
[SourceQuality "1"]

1. d4 e6 2. c4 g6 3. Nf3 b6 4. Nc3 Bb7 5. Qc2 Nc6 6. a3 Bh6 7. Bxh6 Nxh6 8. e3 Qf6 9. 0-0-0 d6 10. Ne4 Qe7 11. d5 exd5 12. cxd5 Ne5 13. Nxe5 Qxe5 14. Bb5+ Ke7 15. Bc6 Bxc6 16. dxc6 Rhd8 17. Qc4 d5 18. Qb4+ Ke6 19. Rd4 a5 20. Qa4 b5 21. Qd1 Nf5 22. Qg4 Ke7 23. f4 Qe6 24. Qe2 Nxd4 25. exd4 dxe4 26. Qxb5 Rxd4 27. Qc5+ Rd6 28. Rd1 Rad8 29. Kb1 Ke8 30. Rc1 e3 31. Re1 Rd1+ 32. Rxd1 Rxd1+ 33. Kc2 Qd5 34. Qxe3+ Kf8 35. Qe2 Rd4 36. Qe3 a4 0-1

[Event "Hamburg Robinow op"]
[Site "Hamburg"]
[Date "2005.10.08"]
[Round "8"]
[White "Noireaut, Hung"]
[Black "Scheinpflug, Michael"]
[Result "0-1"]
[WhiteElo "1530"]
[BlackElo "1655"]
[PlyCount "96"]
[EventDate "2005.10.01"]
[EventType "swiss"]
[EventRounds "9"]
[EventCountry "GER"]
[SourceTitle "CBM 108 Extra"]
[Source "ChessBase"]
[SourceDate "2005.11.04"]
[SourceVersion "1"]
[SourceVersionDate "2005.11.04"]
[SourceQuality "1"]

1. e4 c5 2. Nf3 d6 3. d4 cxd4 4. Nxd4 Nf6 5. Nc3 a6 6. Bd3 e6 7. Be3 Qc7 8. Qd2 b5 9. Nb3 Nc6 10. f4 Be7 11. f5 Bd7 12. Nd4 e5 13. Nf3 Nb4 14. Rc1 Nxd3+ 15. cxd3 Qb7 16. 0-0 0-0 17. Rc2 Rfc8 18. Rfc1 Bd8 19. Qe2 Bb6 20. Kh1 Bxe3 21. Qxe3 b4 22. Ne2 Rxc2 23. Rxc2 Rc8 24. Rxc8+ Bxc8 25. Ng3 Qc7 26. h3 d5 27. exd5 Nxd5 28. Qxe5 Qxe5 29. Nxe5 Bb7 30. Kg1 Nf4 31. Kf2 Nxg2 32. Ne4 f6 33. Kxg2 fxe5 34. Kf2 Kf8 35. Ke2 Ke7 36. Kd2 Bc8 37. Kc2 Bxf5 38. h4 h6 39. Kb3 Bxe4 40. dxe4 g5 41. hxg5 hxg5 42. Kc2 Kd6 43. b3 Kc5 44. Kd3 g4 45. Ke3 g3 46. Kf3 Kd4 47. Kxg3 Kxe4 48. Kf2 Kd4 0-1

[Event "Hamburg Robinow op"]
[Site "Hamburg"]
[Date "2005.10.05"]
[Round "5"]
[White "Scheinpflug, Michael"]
[Black "Roenker, Sebastian"]
[Result "0-1"]
[WhiteElo "1655"]
[BlackElo "1529"]
[PlyCount "72"]
[EventDate "2005.10.01"]
[EventType "swiss"]
[EventRounds "9"]
[EventCountry "GER"]
[SourceTitle "CBM 108 Extra"]
[Source "ChessBase"]
[SourceDate "2005.11.04"]
[SourceVersion "1"]
[SourceVersionDate "2005.11.04"]
[SourceQuality "1"]

1. d4 d5 2. c4 c6 3. Nf3 Nf6 4. e3 Bg4 5. Be2 Nbd7 6. b3 Qc7 7. Nbd2 e5 8. dxe5 Nxe5 9. Bb2 Ned7 10. cxd5 Nxd5 11. Nd4 Bxe2 12. Nxe2 N7f6 13. 0-0 Be7 14. Ng3 0-0 15. Nde4 Rad8 16. Qe2 Qd7 17. Rfd1 Nxe4 18. Nxe4 Qe6 19. Ng3 Bf6 20. Bxf6 Qxf6 21. Qe1 Rfe8 22. Ne2 Rd6 23. Rac1 Qg5 24. Ng3 h5 25. Qe2 Rh6 26. Rd4 h4 27. Rg4 Qf6 28. Nf1 h3 29. Qc2 Re5 30. Qb2 hxg2 31. Rxg2 Rg6 32. Rg3 Qe6 33. Rd1 Rh5 34. Rxg6 Qxg6+ 35. Ng3 Qd6 36. Qd2 Rg5 0-1

[Event "Hamburg Robinow op"]
[Site "Hamburg"]
[Date "2005.10.04"]
[Round "4"]
[White "Springer, Sebastian"]
[Black "Scheinpflug, Michael"]
[Result "1/2-1/2"]
[WhiteElo "1487"]
[BlackElo "1655"]
[PlyCount "89"]
[EventDate "2005.10.01"]
[EventType "swiss"]
[EventRounds "9"]
[EventCountry "GER"]
[SourceTitle "CBM 108 Extra"]
[Source "ChessBase"]
[SourceDate "2005.11.04"]
[SourceVersion "1"]
[SourceVersionDate "2005.11.04"]
[SourceQuality "1"]

1. d4 Nf6 2. c4 e6 3. Nc3 b6 4. e4 Bb7 5. Bd3 Be7 6. Be3 d6 7. f3 Nbd7 8. Nge2 0-0 9. Qc2 e5 10. d5 Nc5 11. 0-0 Nxd3 12. Qxd3 Nd7 13. b4 a5 14. a3 axb4 15. axb4 Bf6 16. Nb5 Ba6 17. Rfc1 Qb8 18. Nec3 Qb7 19. Ra2 Bxb5 20. Rxa8 Rxa8 21. Nxb5 Be7 22. g3 Bd8 23. Qc3 Ra2 24. c5 Qa6 25. cxd6 Qxb5 26. dxc7 Bxc7 27. Rc2 Rxc2 28. Qxc2 Bd6 29. Qc6 Qxc6 30. dxc6 Nb8 31. b5 Bc7 32. f4 f6 33. Kf1 Kf7 34. Ke2 Ke7 35. Kd3 Nxc6 36. bxc6 Kd6 37. Kc3 Kxc6 38. Kc4 Bd6 39. f5 b5+ 40. Kb3 g6 41. g4 g5 42. h3 Bc5 43. Bd2 Bd6 44. Be3 Bc5 45. Bd2 1/2-1/2

[Event "GER Seniors Derby 03rd"]
[Site "Undeloh"]
[Date "2004.04.18"]
[Round "7"]
[White "Scheinpflug, Michael"]
[Black "Gottschald, Hartmut"]
[Result "1-0"]
[WhiteElo "1629"]
[BlackElo "1687"]
[PlyCount "111"]
[EventDate "2004.04.15"]
[EventType "swiss"]
[EventRounds "7"]
[EventCountry "GER"]
[SourceTitle "EXT 2006"]
[Source "ChessBase"]
[SourceDate "2005.11.24"]
[SourceVersion "1"]
[SourceVersionDate "2005.11.24"]
[SourceQuality "1"]

1. c4 g6 2. g3 Bg7 3. d4 Nf6 4. Nc3 d6 5. Bg2 0-0 6. Nf3 Qe8 7. e4 e5 8. d5 a5 9. b3 Na6 10. 0-0 Bd7 11. a3 h6 12. h3 Nh7 13. Nh2 f5 14. f3 Qc8 15. g4 f4 16. Rb1 b6 17. b4 axb4 18. axb4 Bf6 19. Bd2 Bh4 20. Be1 Bg3 21. Bf2 Qd8 22. Qd2 Qh4 23. Rfc1 Ng5 24. Nf1 Nxh3+ 25. Bxh3 Qxh3 26. Bxg3 fxg3 27. Qg2 Qxg2+ 28. Kxg2 Rf7 29. Nxg3 Raf8 30. Rf1 c6 31. dxc6 Bc8 32. Nd5 Nc7 33. Nxc7 Rxc7 34. b5 Ra7 35. Ra1 Rxa1 36. Rxa1 Be6 37. Rd1 Bxc4 38. Rxd6 Kg7 39. c7 Bxb5 40. Rxb6 Bd7 41. Rd6 Bc8 42. Rd8 Be6 43. Ne2 Kf7 44. Nc3 Ke7 45. Rb8 Bc8 46. Nd5+ Kd7 47. Rb6 Rg8 48. Rf6 Rg7 49. Rf8 Bb7 50. Rd8+ Ke6 51. c8Q+ Bxc8 52. Rxc8 h5 53. Rc6+ Kf7 54. Rc7+ Kg8 55. Rxg7+ Kxg7 56. Ne7 1-0

[Event "GER Seniors Derby 03rd"]
[Site "Undeloh"]
[Date "2004.04.16"]
[Round "4"]
[White "Orth, Reinhard"]
[Black "Scheinpflug, Michael"]
[Result "0-1"]
[WhiteElo "1729"]
[BlackElo "1629"]
[PlyCount "48"]
[EventDate "2004.04.15"]
[EventType "swiss"]
[EventRounds "7"]
[EventCountry "GER"]
[SourceTitle "EXT 2006"]
[Source "ChessBase"]
[SourceDate "2005.11.24"]
[SourceVersion "1"]
[SourceVersionDate "2005.11.24"]
[SourceQuality "1"]

1. g4 d5 2. Bg2 e5 3. c4 c6 4. cxd5 cxd5 5. Qb3 Ne7 6. Nc3 Nbc6 7. Nxd5 Be6 8. e4 Rb8 9. Ne2 Qa5 10. h3 Ng6 11. 0-0 Bc5 12. Qg3 Nd4 13. Nxd4 Bxd4 14. d3 0-0 15. a3 Qd8 16. Kh2 Bxd5 17. exd5 Rc8 18. Rb1 Rc2 19. b3 Qd6 20. Kh1 f5 21. gxf5 Rxf5 22. Be3 Nf4 23. Bxd4 exd4 24. Kg1 Ne2+ 0-1